Southville International School and Colleges
Your cart is empty.
  • Cart
  • Lists
    Public lists Eva Luna New books Lux_list list_1
    Your lists Log in to create your own lists
  • Log in to your account
  • Your cookies
  • Search history
Southville International School and Colleges
  • Advanced search
  • Recent comments
  • Most popular
  • Libraries

Log in to your account

Log in with GOOGLE


If you do not have an external account, but do have a local account, you can still log in:

  1. Home
  2. MARC view: Polymer clay Chinese style
Normal view MARC view ISBD view

Polymer clay Chinese style (Record no. 306691)

[ view plain ]
MARC details
000 -LEADER
fixed length control field 00620nam a22001817a 4500
003 - CONTROL NUMBER IDENTIFIER
control field LC
005 - DATE AND TIME OF LATEST TRANSACTION
control field 20170210114500.0
008 - FIXED-LENGTH DATA ELEMENTS--GENERAL INFORMATION
fixed length control field 170210b xxu||||| |||| 00| 0 eng d
050 ## - LIBRARY OF CONGRESS CALL NUMBER
Classification number TT 297 H233 2016
100 ## - MAIN ENTRY--PERSONAL NAME
Personal name Han, Han
245 ## - TITLE STATEMENT
Title Polymer clay Chinese style
Remainder of title unique home decorating projects that bridge Western crafts and Oriental arts /
Statement of responsibility, etc Han Han ; [translation: Kitty Lau]
260 ## - PUBLICATION, DISTRIBUTION, ETC. (IMPRINT)
Place of publication, distribution, etc New York, NY :
Name of publisher, distributor, etc Better Link Press,
Date of publication, distribution, etc 2016
300 ## - PHYSICAL DESCRIPTION
Extent 132 pages :
Other physical details color illustrations ;
Dimensions 27 cm
500 ## - GENERAL NOTE
General note Translated from the Chinese.
650 ## - SUBJECT ADDED ENTRY--TOPICAL TERM
Topical term or geographic name as entry element Polymer clay craft.
700 ## - ADDED ENTRY--PERSONAL NAME
Personal name Lau, Kitty
942 ## - ADDED ENTRY ELEMENTS (KOHA)
Source of classification or shelving scheme Library of Congress Classification
Koha item type Books
Holdings
Withdrawn status Lost status Source of classification or shelving scheme Damaged status Home library Current library Shelving location Date acquired Source of acquisition Sub Shelving location Total Checkouts Full call number Barcode Date last seen Price effective from Koha item type
    Library of Congress Classification   Luxembourg Library Luxembourg Library Teachers Reference Section 02/10/2017 Library Fund     TT 297 H233 2016 20405 02/10/2017 02/10/2017 Books

Polymer clay Chinese style

APA

Han H., Lau K., . (2016). Polymer clay Chinese style. New York, NY: Better Link Press.

Chicago

Han Han, Lau Kitty, . 2016. Polymer clay Chinese style. New York, NY: Better Link Press.

Harvard

Han H., Lau K., . (2016). Polymer clay Chinese style. New York, NY: Better Link Press.

MLA

Han Han, Lau Kitty, . Polymer clay Chinese style. New York, NY: Better Link Press. 2016.

  • Place hold
  • Print
  • Cite
  • Add to your cart (remove)
  • Save record
    BIBTEX Dublin Core MARCXML MARC (non-Unicode/MARC-8) MARC (Unicode/UTF-8) MARC (Unicode/UTF-8, Standard) MODS (XML) RIS
  • More searches
    Search for this title in:
    Other Libraries (WorldCat) Other Databases (Google Scholar) Online Stores (Bookfinder.com) Open Library (openlibrary.org)

Exporting to Dublin Core...

SOUTHVILLE LIBRARY

Southville International School and Colleges Library

1281 Tropical Ave. Cor. Luxembourg St., BF Homes International, Las Pinas City

Tel. No. 8256374 / 252358 Loc. 117/146

Powered by Koha